| 000 | 00993nam a22003017a 4500 | ||
|---|---|---|---|
| 001 | 8186 | ||
| 003 | FISKH | ||
| 005 | 20260312104432.0 | ||
| 008 | 250901b cb ||||| |||| 00| 0 eng d | ||
| 020 | _a9780590411455 | ||
| 040 |
_aFISKH _beng _cFISKH _dFISKH |
||
| 050 | _aPZ8.L72 | ||
| 082 | _a398.2 | ||
| 100 | _aMcQueen, Lucinda | ||
| 245 |
_aThe little red hen / _cPictures by Lucinda McQueen |
||
| 250 | _aThis edition first published in 1985 | ||
| 260 |
_aNew York : _bScholastic, _c1985 |
||
| 300 |
_a32 pages : _bcolor illustrations ; _c21 cm |
||
| 505 | _aJ | ||
| 520 | _aThe little red hen finds none of her lazy friends willing to help her plant, harvest, or grind wheat into flour, but all are eager to eat the bread she makes from it. | ||
| 521 | 8 |
_a470
_bLexile |
|
| 521 | 8 |
_aJ
_bRaz-Plus' |
|
| 650 |
_2Farm animals _aResponsibility |
||
| 650 |
_2Cooperation _aFolktales |
||
| 700 |
_aMcQueen, Lucinda _dillustrator |
||
| 942 |
_2ddc _cBK _n0 |
||
| 999 |
_c8186 _d8186 |
||